| 000 | 00484nam a22001817a 4500 | ||
|---|---|---|---|
| 003 | PILC | ||
| 005 | 20150112093447.0 | ||
| 008 | 131011t xxu||||| |||| 00| 0 eng d | ||
| 020 | _a185941365X | ||
| 050 |
_aKD 2079 _b.Ow97 1997 |
||
| 082 |
_aG 364.2 _b0w25 1997 |
||
| 100 |
_aOwen, Richard _928079 |
||
| 245 |
_aEssential TORT / _cRichard Owen |
||
| 250 | _a2nd ed. | ||
| 260 |
_aGreat Britain ; _bCavendish Publishing , _c1997. |
||
| 300 |
_a179 pages : _c19 cm. |
||
| 942 |
_2lcc _cBK |
||
| 999 |
_c14944 _d14944 |
||